[Event "FRA-chT1 1011"]
[Site "France"]
[Date "2010.11.13"]
[Round "2.6"]
[White "Gachet, Sebastien"]
[Black "Chebance, Benoit"]
[Result "1-0"]
[WhiteElo "2313"]
[BlackElo "2018"]
[PlyCount "93"]
[EventDate "2010.10.17"]
[EventType "team-tourn"]
[EventRounds "11"]
[EventCountry "FRA"]
[SourceTitle "EXT 2012"]
[Source "ChessBase"]
[SourceDate "2011.11.24"]
[SourceVersion "1"]
[SourceVersionDate "2011.11.24"]
[SourceQuality "1"]

1. e4 e5 2. Nf3 Nf6 3. d4 Nxe4 4. Bd3 d5 5. Nxe5 Nd7 6. 0-0 Nxe5 7. dxe5 Nc5 8. Be2 Be6 9. Be3 g6 10. Nd2 d4 11. Bf4 Nd7 12. Ne4 c5 13. Bb5 Be7 14. Bh6 a6 15. Bxd7+ Qxd7 16. Bg7 Rg8 17. Nf6+ Bxf6 18. Bxf6 Qd5 19. c3 d3 20. b3 Kd7 21. Qd2 Kc7 22. Rfd1 Rgd8 23. c4 Qd4 24. Bxd8+ Rxd8 25. Re1 Bg4 26. b4 Be2 27. bxc5 Qxc5 28. Rab1 b6 29. Rb2 Qa5 30. c5 Qxd2 31. cxb6+ Kb7 32. Rxd2 Rc8 33. f4 Rc2 34. Rxc2 dxc2 35. Rc1 Bd1 36. Kf2 Kxb6 37. Ke3 Kc6 38. Kd4 a5 39. a4 h5 40. g3 Kd7 41. Kd5 Bf3+ 42. Kc5 Bc6 43. Rxc2 Bxa4 44. Ra2 Bb3 45. Rxa5 Be6 46. Ra7+ Kc8 47. Kd6 1-0

[Event "Rhone op"]
[Site "Marcy Etoile"]
[Date "2007.04.04"]
[Round "5"]
[White "Chebance, Benoit"]
[Black "Dickinson, Timothy R"]
[Result "1/2-1/2"]
[WhiteElo "1998"]
[BlackElo "2207"]
[PlyCount "70"]
[EventDate "2007.04.01"]
[EventType "swiss"]
[EventRounds "9"]
[EventCountry "FRA"]
[SourceTitle "CBM 117 Extra"]
[Source "ChessBase"]
[SourceDate "2007.05.09"]
[SourceVersion "1"]
[SourceVersionDate "2007.05.09"]
[SourceQuality "1"]

1. e4 c6 2. d4 d5 3. exd5 cxd5 4. c4 Nf6 5. Nc3 e6 6. Nf3 Bb4 7. Bg5 Qa5 8. Bd2 Nc6 9. a3 Bxc3 10. Bxc3 Qc7 11. Bd3 dxc4 12. Bxc4 0-0 13. 0-0 Rd8 14. Qe2 Ne7 15. Rac1 Ned5 16. Bd2 Qd6 17. Bg5 b6 18. Bxd5 Qxd5 19. Qe5 Ba6 20. Rfe1 Qxe5 21. dxe5 h6 22. Bh4 g5 23. exf6 gxh4 24. Re4 Rac8 25. Rce1 Rc4 26. h3 Rd5 27. Rxc4 Bxc4 28. Re4 Rd1+ 29. Kh2 Bd5 30. Rg4+ Kf8 31. Ne5 Rf1 32. Nd7+ Ke8 33. Ne5 Kf8 34. Nd7+ Ke8 35. Ne5 Kf8 1/2-1/2

[Event "FRA-chT2 East 0607"]
[Site "France"]
[Date "2007.01.21"]
[Round "6.4"]
[White "Ricter, Jean Paul"]
[Black "Chebance, Benoit"]
[Result "1-0"]
[WhiteElo "2174"]
[BlackElo "1988"]
[PlyCount "111"]
[EventDate "2006.10.15"]
[EventType "team-tourn"]
[EventRounds "11"]
[EventCountry "FRA"]
[SourceTitle "EXT 2008"]
[Source "ChessBase"]
[SourceDate "2007.11.25"]
[SourceVersion "1"]
[SourceVersionDate "2007.11.25"]
[SourceQuality "1"]
[WhiteTeam "Strasbourg II"]
[BlackTeam "Montrevel en Bresse"]
[WhiteTeamCountry "FRA"]
[BlackTeamCountry "FRA"]

1. c4 c6 2. g3 Nf6 3. Bg2 d5 4. b3 Bf5 5. Bb2 Nbd7 6. Nf3 e6 7. 0-0 Bc5 8. d3 0-0 9. Nbd2 Re8 10. Rc1 Bb6 11. Nh4 Bg6 12. Nxg6 hxg6 13. Nf3 Rc8 14. Rc2 a6 15. Qa1 Rc7 16. b4 Rc8 17. Bh3 Rc7 18. Rfc1 Ba7 19. a4 Bb8 20. b5 dxc4 21. dxc4 cxb5 22. cxb5 Rxc2 23. Rxc2 axb5 24. axb5 Qb6 25. Qa4 e5 26. Qc4 Ba7 27. e3 Bb8 28. Ng5 Rf8 29. Rd2 Qc5 30. Qb3 Nb6 31. Ba3 Qc4 32. Qb2 Re8 33. Bf1 Qg4 34. h4 Nh5 35. Bh3 Qa4 36. Qa2 Qc4 37. Qb1 Qc3 38. Rd3 Qc4 39. Bf1 Qg4 40. Qc2 Qf5 41. e4 Qf6 42. Rf3 Nf4 43. gxf4 exf4 44. Bb2 Be5 45. Bxe5 Rxe5 46. Qd2 Qe7 47. Rd3 Qf8 48. Rd8 Re8 49. Rd6 Nc8 50. Rd7 f6 51. Bc4+ Kh8 52. Nf7+ Kh7 53. Qxf4 Qb4 54. Qh6+ gxh6 55. Ng5+ Kh8 56. Rh7# 1-0

[Event "FRA-chT2D 0506"]
[Site "France"]
[Date "2006.04.01"]
[Round "10.5"]
[White "Genzling, Sylvie"]
[Black "Chebance, Benoit"]
[Result "1/2-1/2"]
[WhiteElo "1955"]
[BlackElo "2029"]
[PlyCount "60"]
[EventDate "2005.10.27"]
[EventType "team-tourn"]
[EventRounds "11"]
[EventCountry "FRA"]
[SourceTitle "EXT 2006"]
[Source "ChessBase"]
[SourceDate "2005.11.24"]
[SourceVersion "1"]
[SourceVersionDate "2005.11.24"]
[SourceQuality "1"]
[WhiteTeam "Bischwiller"]
[BlackTeam "Montrevel en Bresse"]
[WhiteTeamCountry "FRA"]
[BlackTeamCountry "FRA"]

1. e4 d6 2. d4 Nf6 3. Nc3 g6 4. Nf3 Bg7 5. Be2 0-0 6. 0-0 Bg4 7. Be3 Nbd7 8. h3 Bxf3 9. Bxf3 c6 10. Qd2 e5 11. Rad1 Nb6 12. Be2 Qe7 13. dxe5 dxe5 14. Qd6 Qxd6 15. Rxd6 Rfd8 16. Rfd1 Rxd6 17. Rxd6 Ne8 18. Rd1 Bf8 19. Nb1 Nd6 20. Nd2 Na4 21. Rb1 b5 22. f3 f5 23. c4 f4 24. Bf2 Rd8 25. Be1 a6 26. Kf1 Kg7 27. Bd1 Nc5 28. Be2 Na4 29. Bd1 Nc5 30. Be2 Na4 1/2-1/2

[Event "FRA-chT2D 0506"]
[Site "France"]
[Date "2005.11.19"]
[Round "2.6"]
[White "Chebance, Benoit"]
[Black "Saatdjian, Thomas"]
[Result "0-1"]
[WhiteElo "2027"]
[BlackElo "2164"]
[PlyCount "86"]
[EventDate "2005.10.27"]
[EventType "team-tourn"]
[EventRounds "11"]
[EventCountry "FRA"]
[SourceTitle "EXT 2006"]
[Source "ChessBase"]
[SourceDate "2005.11.24"]
[SourceVersion "1"]
[SourceVersionDate "2005.11.24"]
[SourceQuality "1"]
[WhiteTeam "Montrevel en Bresse"]
[BlackTeam "Nancy"]
[WhiteTeamCountry "FRA"]
[BlackTeamCountry "FRA"]

1. e4 c5 2. d4 cxd4 3. c3 d3 4. Bxd3 Nc6 5. c4 g6 6. Nc3 Bg7 7. Nge2 d6 8. 0-0 Nf6 9. h3 0-0 10. Be3 Nd7 11. f4 a6 12. a3 b6 13. b4 Bb7 14. Rc1 Rc8 15. Qb3 Ba8 16. Qa4 Bb7 17. Qb3 h6 18. Qd1 e6 19. Qe1 Ne7 20. Qg3 f5 21. Bd4 e5 22. Be3 g5 23. fxg5 f4 24. Bxf4 exf4 25. Nxf4 hxg5 26. Ne6 Rxf1+ 27. Rxf1 Qe8 28. Nxg7 Kxg7 29. Qxg5+ Ng6 30. h4 Qe5 31. Qd2 Rh8 32. Qf2 Rf8 33. Qc2 Rxf1+ 34. Bxf1 Nxh4 35. Qf2 Ng6 36. Qe3 Qf4 37. Qd4+ Qf6 38. Qe3 Nge5 39. Nd5 Bxd5 40. cxd5 Ng4 41. Qg3 Qd4+ 42. Kh1 Nde5 43. Be2 Qa1+ 0-1

[Event "Loire Cup 2000 Phase Ligue"]
[Site "Loire"]
[Date "2003.02.23"]
[Round "3"]
[White "Chebance, Benoit"]
[Black "Dubois, Herve"]
[Result "1-0"]
[WhiteElo "1890"]
[BlackElo "1880"]
[PlyCount "67"]
[EventDate "2003.02.23"]
[EventType "team-tourn"]
[EventRounds "3"]
[EventCountry "FRA"]
[SourceTitle "EXT 2008"]
[Source "ChessBase"]
[SourceDate "2007.11.25"]
[SourceVersion "1"]
[SourceVersionDate "2007.11.25"]
[SourceQuality "1"]

1. e4 c5 2. Nf3 d6 3. d4 cxd4 4. Nxd4 Nf6 5. Nc3 a6 6. f3 g6 7. Be3 Bg7 8. Bc4 b5 9. Bb3 Bb7 10. Qd2 Nbd7 11. 0-0-0 Ne5 12. h4 Rc8 13. g4 Nc4 14. Bxc4 Rxc4 15. h5 b4 16. Nce2 Nxg4 17. hxg6 hxg6 18. Rxh8+ Bxh8 19. Rh1 Kd7 20. fxg4 Bxe4 21. Rf1 f5 22. gxf5 gxf5 23. b3 Rc7 24. Qxb4 Qg8 25. Nc3 Qg2 26. Rf2 Qg1+ 27. Kb2 Qe1 28. Re2 Qg3 29. Nxe4 fxe4 30. Qa4+ Kd8 31. Qxa6 Qe5 32. Rg2 Bg7 33. Kb1 Qf6 34. Rxg7 1-0